Les 20 villes les plus peuplées du Haut-Rhin sur une carte - Statistiques

Statistiques générales
  • Ce quiz a été pris 71 fois
  • Le résultat moyen est 10 sur 20
Réponses sur la Carte
Les réponses sont colorées sur une échelle allant du rouge au vert en fonction du pourcentage des utilisateurs qui les ont devinées à leur premier essai. Vous pouvez retrouver ces pourcentages ci-dessous.
 
Statistiques - réponses
Population Ville % Correct
67 360 Colmar
100%
104 924 Mulhouse
100%
22 530 Saint-Louis
86%
7 769 Thann
67%
11 090 Guebwiller
61%
11 737 Cernay
56%
15 115 Illzach
55%
15 491 Wittenheim
55%
13 265 Kingersheim
50%
12 154 Riedisheim
47%
14 125 Rixheim
45%
7 410 Huningue
42%
10 364 Wittelsheim
39%
7 362 Ensisheim
38%
10 275 Pfastatt
34%
8 176 Brunstatt-Didenheim
33%
6 755 Lutterbach
33%
7 019 Soultz-Haut-Rhin
31%
6 247 Horbourg-Wihr
30%
8 045 Wintzenheim
14%
Aucun quiz correspondant
Distribution des résultats
% des personnes avec chaque résultat
Percentile par nombre de réponses
Votre historique - résultats
Vous n’avez pas pris ce quiz